Ismét felmérik a világ legjobb univerzitásait Jó helyezésre számít a szegedi egyetem
Elmentve itt :
| Dokumentumtípus: | Cikk |
|---|---|
| Megjelent: |
2006-08-12
|
| Sorozat: | Délmagyarország
96 No. 188 |
| Kulcsszavak: | Egyetemek rangsora, Shanghai-lista |
| Online Access: | http://dmarchiv.bibl.u-szeged.hu/126751 |
| LEADER | 00490nab a2200145 i 4500 | ||
|---|---|---|---|
| 001 | delm126751 | ||
| 005 | 20191212120740.0 | ||
| 008 | 191212s2006 hu o 0|| hun d | ||
| 040 | |a SZTE Délmagyarország Archívum |b hun | ||
| 041 | |a hun | ||
| 245 | 0 | 0 | |a Ismét felmérik a világ legjobb univerzitásait |h [elektronikus dokumentum] : |b Jó helyezésre számít a szegedi egyetem |
| 260 | |c 2006-08-12 | ||
| 300 | |a 1, 5 | ||
| 490 | 0 | |a Délmagyarország |v 96 No. 188 | |
| 695 | |a Egyetemek rangsora, Shanghai-lista | ||